000 00975ntm a22003617a 4500
005 20251103171247.0
008 210813b2020 xxu||||| |||| 00| 0 spa d
020 _a9788417526238
041 _aESP
082 _a363.25 S718m
100 _aSoto Castro, Juan Enrique
245 _aManual de perfilación criminal
260 _aEspaña
260 _aDelta publicaciones
260 _a2020
300 _a185 páginas
490 _aInvestigación Criminal
650 _aManual de perfilación criminal
650 _aPERFILACIÓN CRIMINAL
650 _aCONDUCTA CRIMINAL
650 _aEVIDENCIAS
650 _aMODUS OPERANDI
650 _aESCENIFICACIÓN
650 _aSELLO PERSONAL
650 _aPERFILES PSICOLÓGICOS
650 _aTIPOLOGÍAS DELICTIVAS
650 _aPERFIL VICTIMOLÓGICO
650 _aREVICTIMIZACIÓN
650 _aPERFILADO GEOGRÁFICO
650 _aGEOPERFIL
650 _aPERFILADO CRIMINOLÓGICO
942 _cBK
_2ddc
999 _c13116
_d13116